Architekt Josef Struhař

Salvato in:
Dettagli Bibliografici
Altri autori: Mikloš, Peter (Compilatore)
Natura: Libro
Lingua:slovacco
Pubblicazione: Bratislava : Spolok architektov Slovenska, 2009
Soggetti:
Tags: Aggiungi Tag
Nessun Tag, puoi essere il primo ad aggiungerne!!

MARC

LEADER 00000nam a22000003a 4500
001 stu300401
005 20150617230309.2
008 141107s2009------------------------slo-d
020 |a 978-80-88757-54-2 
040 |a STU  |b slo 
041 0 |a slo 
100 1 |a Mikloš, Peter  |4 com 
245 1 |a Architekt Josef Struhař 
260 |a Bratislava :  |b Spolok architektov Slovenska,  |c 2009 
300 |a 143 s 
650 7 |a Struhař, Josef  |2 stusub 
650 7 |a architekti slovenskí  |2 stusub 
650 7 |a budovy výškové  |2 stusub 
650 7 |a Slovenská televízia, Bratislava  |2 stusub 
650 7 |a Banka Dexia, Bratislava  |2 stusub 
650 7 |a Stavebná poisťovňa Wüstenrot, Bratislava  |2 stusub 
650 7 |a hotel Tatra, Bratislava  |2 stusub 
996 |b 284AU06295  |c A*9194 U  |l AAKNAR  |s A  |a 24  |w stu300401_0001